America in Europe : (Record no. 121196)
[ view plain ]
| 000 -LEADER | |
|---|---|
| fixed length control field | 01283cam a2200385 a 4500 |
| 001 - CONTROL NUMBER | |
| control field | 456685 |
| 003 - CONTROL NUMBER IDENTIFIER | |
| control field | ARRUPE |
| 005 - DATE AND TIME OF LATEST TRANSACTION | |
| control field | 20141107113913.0 |
| 008 - FIXED-LENGTH DATA ELEMENTS--GENERAL INFORMATION | |
| fixed length control field | 860331s1986 caua b 000 0 eng |
| 010 ## - LIBRARY OF CONGRESS CONTROL NUMBER | |
| LC control number | 85021924 |
| 020 ## - INTERNATIONAL STANDARD BOOK NUMBER | |
| International Standard Book Number | 0151055556 |
| 035 ## - SYSTEM CONTROL NUMBER | |
| System control number | (OCoLC)12558666 |
| 035 ## - SYSTEM CONTROL NUMBER | |
| System control number | (OCoLC)ocm12558666 |
| 035 ## - SYSTEM CONTROL NUMBER | |
| System control number | (CStRLIN)NYCG86-B32911 |
| 035 ## - SYSTEM CONTROL NUMBER | |
| System control number | (NNC)456685 |
| 040 ## - CATALOGING SOURCE | |
| Modifying agency | CStRLIN |
| Transcribing agency | AHHY |
| 041 1# - LANGUAGE CODE | |
| Language code of text/sound track or separate title | engspa |
| 043 ## - GEOGRAPHIC AREA CODE | |
| Geographic area code | n------ |
| -- | s------ |
| -- | e------ |
| 050 0# - LIBRARY OF CONGRESS CALL NUMBER | |
| Classification number | E121 |
| Item number | .A713 1986 |
| 082 0# - DEWEY DECIMAL CLASSIFICATION NUMBER | |
| Classification number | 970.01 |
| Edition number | 19 |
| 090 ## - LOCALLY ASSIGNED LC-TYPE CALL NUMBER (OCLC); LOCAL CALL NUMBER (OCLC) | |
| Classification number (OCLC) (R) ; Classification number, CALL (RLIN) (NR) | E121 |
| Local cutter number (OCLC) ; Book number/undivided call number, CALL (RLIN) | .A713 1986 |
| 300 ## - PHYSICAL DESCRIPTION | |
| Other physical details | ill. ; |
| Dimensions | 24 cm. |
| 100 1# - MAIN ENTRY--PERSONAL NAME | |
| Personal name | Arciniegas, Germán, |
| Dates associated with a name | 1900-1999. |
| 9 (RLIN) | 12476 |
| 240 10 - UNIFORM TITLE | |
| Uniform title | <a href="América en Europa.">América en Europa.</a> |
| Language of a work | English |
| 245 10 - TITLE STATEMENT | |
| Title | America in Europe : |
| Remainder of title | a history of the New World in reverse / |
| Statement of responsibility, etc | Germán Arciniegas ; translated from the Spanish by Gabriela Arciniegas and R. Victoria Arana. |
| 250 ## - EDITION STATEMENT | |
| Edition statement | 1st ed. |
| 260 ## - PUBLICATION, DISTRIBUTION, ETC. (IMPRINT) | |
| Place of publication, distribution, etc | San Diego : |
| Name of publisher, distributor, etc | Harcourt Brace Jovanovich, |
| Date of publication, distribution, etc | c1986. |
| 300 ## - PHYSICAL DESCRIPTION | |
| Extent | xiv, 298 p. : |
| 500 ## - GENERAL NOTE | |
| General note | Translation of: América en Europa. |
| 504 ## - BIBLIOGRAPHY, ETC. NOTE | |
| Bibliography, etc | Bibliography: p. 293-298. |
| 651 #0 - SUBJECT ADDED ENTRY--GEOGRAPHIC NAME | |
| Geographic name | America |
| General subdivision | Discovery and exploration. |
| 9 (RLIN) | 4227 |
| 651 #0 - SUBJECT ADDED ENTRY--GEOGRAPHIC NAME | |
| Geographic name | Europe |
| General subdivision | Intellectual life. |
| 9 (RLIN) | 12477 |
| 651 #0 - SUBJECT ADDED ENTRY--GEOGRAPHIC NAME | |
| Geographic name | Europe |
| General subdivision | Civilization |
| -- | American influences. |
| 9 (RLIN) | 12478 |
| 942 ## - ADDED ENTRY ELEMENTS (KOHA) | |
| Source of classification or shelving scheme | Library of Congress Classification |
| Koha item type | Monograph ( Printed materials) |
| Withdrawn status | Lost status | Source of classification or shelving scheme | Damaged status | Not for loan | Collection code | Home library | Current library | Shelving location | Date acquired | Total Checkouts | Full call number | Barcode | Date last seen | Date checked out | Price effective from | Koha item type |
|---|---|---|---|---|---|---|---|---|---|---|---|---|---|---|---|---|
| Library of Congress Classification | Main Collection | ARRUPE LIBRARY | ARRUPE LIBRARY | Main Collection | 07/11/2014 | 1 | E121 .A713 1986 | 46500003746 | 20/02/2020 | 18/02/2020 | 07/11/2014 | Monograph ( Printed materials) |